|
|
|
|
| LEADER |
00000nab a2200000 a 4500 |
| 001 |
vtls008981900 |
| 003 |
SK-MaSNL |
| 005 |
20260303065154.0 |
| 008 |
070418c20070207xo dr n 000 00slo |
| 015 |
|
|
|a SNBRB2007/04SVKPO
|
| 038 |
|
|
|a SVKPOCL
|
| 040 |
|
|
|a SVKPOCL
|b slo
|c AACR2
|e AACR2
|
| 041 |
|
|
|a slo
|
| 044 |
|
|
|a xo
|c SK
|
| 080 |
|
|
|a 373.6:33(437.6)
|2 2001
|
| 080 |
|
|
|a 37.058
|2 2001
|
| 245 |
0 |
0 |
|a Patria medzi najlepších
|b súkromná obchodná akadémia dokáže pružne reagovať na potreby ekonomiky a trh práce
|c [zhováral sa] Prešovský večerník
|
| 610 |
2 |
7 |
|a Súkromná obchodná akadémia ESO Euroškola (Prešov, Slovensko)
|2 svkpocl
|9 1064856
|
| 650 |
0 |
7 |
|a stredné školy, súkromné
|2 svkpocl
|9 1064857
|
| 651 |
|
7 |
|a Prešov (Slovensko)
|2 svkpocl
|9 17347
|
| 700 |
1 |
|
|a Urbancová, Božena
|4 ive
|4 aut
|9 1064858
|
| 773 |
0 |
|
|t Prešovský večerník
|g Roč. XVIII, č. 4133 (7.2.2007)
|x 1336-4030
|
| 773 |
0 |
8 |
|i Príl.:
|t SpoZoFI
|p Spoločenská zodpovednosť firiem a inštitúcií v regióne Prešov
|g s. 11
|
| 852 |
|
|
|a SVKPO
|b KIS3GCP
|
| 856 |
4 |
1 |
|u www.vecernik.po.sk
|
| 958 |
|
|
|a RG
|
| 999 |
|
|
|c 1750132
|d 1752062
|